| 000 | 00386nam a2200157Ia 4500 | ||
|---|---|---|---|
| 008 | 230917s9999||||xx |||||||||||||| ||und|| | ||
| 020 | _cPOU15 | ||
| 040 |
_e14267 _aMAIN |
||
| 041 | _aEnglish | ||
| 082 | _a330.91724 G875T | ||
| 100 | _aGriftin, Keith | ||
| 245 | 0 | _aTransition to egaletarian development | |
| 260 |
_aLondon _bMacmillan _c1981 |
||
| 300 | _aix,128 p. | ||
| 942 | _cBK | ||
| 999 |
_c221725 _d221725 |
||